Online katalóg knižníc regiónu Turca

Majstrovská hra (Record no. 22020)

MARC details
000 -LEADER
fixed length control field 01564cam a2200409 a 4500
001 - CONTROL NUMBER
control field 22020
003 - CONTROL NUMBER IDENTIFIER
control field VRT
005 - DATE AND TIME OF LATEST TRANSACTION
control field 20260317160323.0
008 - FIXED-LENGTH DATA ELEMENTS--GENERAL INFORMATION
fixed length control field 240226s1996 xo er 000 f slo
015 ## - NATIONAL BIBLIOGRAPHY NUMBER
National bibliography number SNBA1996/0802073
020 ## - INTERNATIONAL STANDARD BOOK NUMBER
International Standard Book Number 8071182354
Qualifying information (viazané)
035 ## - SYSTEM CONTROL NUMBER
System control number SNK000174270
039 #9 - LEVEL OF BIBLIOGRAPHIC CONTROL AND CODING DETAIL [OBSOLETE]
Level of rules in bibliographic description 202408141337
Level of effort used to assign nonsubject heading access points csnk01
Level of effort used to assign subject headings 202408141220
Level of effort used to assign classification csnk01
Level of effort used to assign subject headings 202408090931
Level of effort used to assign classification AUTHORITY
Level of effort used to assign subject headings 202402262200
Level of effort used to assign classification VLOAD
040 ## - CATALOGING SOURCE
Original cataloging agency SNK
Language of cataloging slo
Transcribing agency SNK
Description conventions AACR2
041 1# - LANGUAGE CODE
Language code of text/sound track or separate title slo
Language code of original eng
044 ## - COUNTRY OF PUBLISHING/PRODUCING ENTITY CODE
MARC country code xo
ISO country code SK
072 #7 - SUBJECT CATEGORY CODE
Subject category code 821.111(73)-3
Subject category code subdivision Americká próza
Source konspekt
080 ## - UNIVERSAL DECIMAL CLASSIFICATION NUMBER
Universal Decimal Classification number 820 (73)-3
Edition identifier 1997
080 ## - UNIVERSAL DECIMAL CLASSIFICATION NUMBER
Universal Decimal Classification number 821.111(73)-31
Edition identifier 2011
100 1# - MAIN ENTRY--PERSONAL NAME
Personal name Sheldon, Sidney,
Dates associated with a name 1917-2007
Relationship aut
240 10 - UNIFORM TITLE
Uniform title Master of the game
Language of a work Slovensky
245 10 - TITLE STATEMENT
Title Majstrovská hra
Statement of responsibility, etc. Sidney Sheldon ; z anglického originálu Master of the game ... preložila Anežka Krupová
260 ## - PUBLICATION, DISTRIBUTION, ETC.
Place of publication, distribution, etc. Bratislava
Name of publisher, distributor, etc. Ikar
Date of publication, distribution, etc. 1996
300 ## - PHYSICAL DESCRIPTION
Extent 376 strán
Dimensions 21 cm
655 #7 - INDEX TERM--GENRE/FORM
Genre/form data or focus term americké romány
Source of term SNKPH
700 1# - ADDED ENTRY--PERSONAL NAME
Personal name Krupová, Anežka
Relationship trl
700 1# - ADDED ENTRY--PERSONAL NAME
Relationship information Pokračovanie:
Personal name Bagshawe, Tilly,
Dates associated with a name 1973-
Title of a work Dámska majstrovská hra
942 ## - ADDED ENTRY ELEMENTS (KOHA)
Source of classification or shelving scheme Dewey Decimal Classification
Koha item type Krásna literatúra pre dospelých
Suppress in OPAC No
949 ## - LOCAL PROCESSING INFORMATION (OCLC)
6 4710702658
9 1
a strmkB
b strmk2008/2658
949 ## - LOCAL PROCESSING INFORMATION (OCLC)
6 270001000025882
a svkbbA 90629
b svkbbm 600405
949 ## - LOCAL PROCESSING INFORMATION (OCLC)
6 17A0003863
a snkSC 90533
b snkKSP 4275/96
s 6100:20230207
-- 6101:20151012
949 ## - LOCAL PROCESSING INFORMATION (OCLC)
6 17A0003864
a snkSC 90533 D1
b snkKSP 4276/96
949 ## - LOCAL PROCESSING INFORMATION (OCLC)
9 P60, <09>, [BOOK], {629}
a snkC 959
b snk1794/960517
949 ## - LOCAL PROCESSING INFORMATION (OCLC)
6 273K0231304
a svkpoA 167371
b svkpo415866
o PV 807/96
Holdings
Stav vyradenia Strata Poškodenie Spôsob nadobudnutia Domovská knižnica Aktuálna knižnica Dátum nadobudnutia Total checkouts Čiarový kód exemplára Date last seen Typ exemplára
      Dar Obecná knižnica Horná Štubňa Obecná knižnica Horná Štubňa 17.03.2026   9788071182351 17.03.2026 Krásna literatúra pre dospelých
Projekt je podporený Slovenskou asociáciou knižníc
Prevádzkuje Turčianska knižnica Martin 2026